| 000 | 01011naa a22002777a 4500 | ||
|---|---|---|---|
| 001 | BR7503955 | ||
| 003 | BR-BrBNA | ||
| 005 | 20240918173800.0 | ||
| 007 | ta | ||
| 008 | 230509b bl.||||| |||| 00| 0 por d | ||
| 040 |
_aBR-BrBNA _bpor _cBiblioteca Nacional de Agricultura |
||
| 041 | _a(Pt) | ||
| 072 |
_aQ02 _b/G514 |
||
| 090 | _aQ02 BR7503955 | ||
| 100 | 1 | _aCorreia, C. | |
| 111 | 1 |
_a1. Encontro Nacional de Agropecuaria _cBrasilia, DF (Brazil) _d17-21 Nov 1975 |
|
| 245 | 1 | _aDiretrizes para uma politica de industrializacao de produtos agropecuarios [Mato Grosso] | |
| 260 | 3 |
_aBrasilia, DF (Brasil): _c[nd]. |
|
| 500 | _a1. Encontro Nacional de Agropecuaria Brasilia, DF (Brasil): [nd]. p. 172-184 (BR7503955-AM)Q02 | ||
| 650 | _aINDUSTRIA ALIMENTICIA | ||
| 650 | _aDESENVOLVIMENTO INDUSTRIAL | ||
| 650 | _aMATO GROSSO | ||
| 773 | 0 |
_t1. Encontro Nacional de Agropecuaria _wQ02 BR7503955 _gBrasilia, DF (Brasil), [nd]. p. 172-184 |
|
| 909 |
_a202404 _bLucia _c55 _dLucia Elande |
||
| 942 |
_cAM _2AGRIS |
||
| 999 |
_c306874 _d306874 |
||